Systém sociálneho poistenia v Lotyšsku (1)

Bibliographic Details
Main Author: Terek, Adrián (Author)
Format: Article
Language:Slovak
ISSN:1337-9844
Subjects:
Online Access:http://www.socpoist.sk/socialne-poistenie---archiv-cisiel/26811s

MARC

LEADER 00000nab a2200000 ar4500
001 vtls010171184
003 SK-MaSNL
005 20260304053714.0
008 100923c2010 xo ||||||||||||00 b|slo
015 |a SNBRB2010/09  |2 snkbucl 
038 |a SNKBUCL 
040 |a SNKBUCL  |b slo  |c SNKBUCL  |e AACR2 
041 0 |a slo 
044 |a xo  |c SK 
080 |a 364.3  |x (474.3)  |2 2001 
100 1 |a Terek, Adrián  |4 aut  |9 1332199 
245 1 0 |a Systém sociálneho poistenia v Lotyšsku  |n (1)  |c Adrián Terek 
500 |a Pokračovanie v č. 8/2010 
650 0 7 |a sociálne poistenie  |2 snkbucl  |9 29221 
651 7 |a Lotyšsko  |2 snkbucl  |9 25164 
773 0 |t Sociálne poistenie  |g Roč. XXXXII, č. 6-7 (2010), s. 23-24  |x 1337-9844 
852 |a SNK  |b KIS3GCP 
856 4 1 |u http://www.socpoist.sk/socialne-poistenie---archiv-cisiel/26811s 
958 |a LV 
999 |c 2714821  |d 2716751